[Event "ENCI Limburg-open A"]
[Site "Maastricht"]
[Date "2012.05.28"]
[Round "6"]
[White "Jellema, Yme Jan"]
[Black "Faber, Hugo"]
[Result "1/2-1/2"]
[WhiteElo "2202"]
[BlackElo "2061"]
[PlyCount "108"]
[EventDate "2012.05.25"]
[EventType "swiss"]
[EventRounds "7"]
[EventCountry "NED"]
[Source "P.Boonen"]
[SourceDate "2013.01.01"]

1. e4 Nf6 2. Nc3 d5 3. exd5 Nxd5 4. Bc4 e6 5. Nf3 Be7 6. O-O O-O 7. Re1 Nxc3 8.
bxc3 Nd7 9. d4 c5 10. Bb2 Qc7 11. Bd3 Bf6 12. Nd2 b6 13. Ne4 Bb7 14. Qh5 g6 15.
Nxf6+ Nxf6 16. Qh4 Nd5 17. Re5 f6 18. Ree1 Rae8 19. a3 c4 20. Bf1 b5 21. a4 a6
22. axb5 axb5 23. Qh3 Qc6 24. Re4 g5 25. Ree1 Rf7 26. Bc1 Rg7 27. Ra5 f5 28.
Qh5 Nf6 29. Qd1 Ne4 30. Re3 g4 31. Rxe4 fxe4 32. Bf4 Rg6 33. Qb1 Rf8 34. Be5 e3
35. fxe3 Rg5 36. Bf4 Rgf5 37. Qe1 Qe4 38. Qg3 h5 39. h3 Rxf4 40. exf4 Qxf4 41.
Qxf4 Rxf4 42. Rxb5 Bd5 43. hxg4 hxg4 44. Rb1 Re4 45. Kf2 g3+ 46. Kxg3 Re3+ 47.
Kf4 Rxc3 48. Rc1 Kf7 49. g3 Rf3+ 50. Kg4 Rf2 51. c3 Kf6 52. Bh3 Kg6 53. Re1 Rf8
54. Rf1 Rb8 {.....} 1/2-1/2

[Event "ENCI Limburg-open A"]
[Site "Maastricht"]
[Date "2012.05.28"]
[Round "6"]
[White "Kangas, Lauri"]
[Black "Van den Ouden, Lendert"]
[Result "1-0"]
[WhiteElo "2027"]
[BlackElo "1990"]
[PlyCount "67"]
[EventDate "2012.05.25"]
[EventType "swiss"]
[EventRounds "7"]
[EventCountry "NED"]
[Source "P.Boonen"]
[SourceDate "2013.01.01"]

1. d4 d5 2. c4 c6 3. cxd5 cxd5 4. Nc3 Nf6 5. Bf4 a6 6. Nf3 Nc6 7. Qb3 Na5 8.
Qc2 g6 9. Ne5 Bg7 10. e3 Bf5 11. Bd3 Bxd3 12. Qxd3 Rc8 13. O-O O-O 14. Na4 Nh5
15. Nc5 Nxf4 16. exf4 Bxe5 17. fxe5 Rc7 18. e6 f6 19. Nd7 Rxd7 20. exd7 Qxd7
21. Rfe1 Nc6 22. f4 e6 23. a3 Re8 24. b4 Qc7 25. g3 Qb6 26. Rad1 e5 27. fxe5
fxe5 28. Qb3 Rd8 29. Kh1 exd4 30. Rc1 Na5 31. Qf3 Nc4 32. Re7 Rf8 33. Qxd5+ Kh8
34. Rxc4 1-0

[Event "ENCI Limburg-open A"]
[Site "Maastricht"]
[Date "2012.05.28"]
[Round "6"]
[White "Kizilkaya, Mehmet"]
[Black "Dekker, Marvin"]
[Result "1-0"]
[WhiteElo "2201"]
[BlackElo "2083"]
[PlyCount "115"]
[EventDate "2012.05.25"]
[EventType "swiss"]
[EventRounds "7"]
[EventCountry "NED"]
[Source "P.Boonen"]
[SourceDate "2013.01.01"]

1. e4 c5 2. Nc3 d6 3. g3 g6 4. Bg2 Bg7 5. Nge2 Nc6 6. d3 e6 7. O-O Nge7 8. Bg5
h6 9. Be3 Nd4 10. Rb1 Qa5 11. a3 Nec6 12. Qd2 Nxe2+ 13. Nxe2 Qxd2 14. Bxd2 Nd4
15. Nxd4 Bxd4 16. b4 Rb8 17. Rfc1 b6 18. Bf4 Kd7 19. c3 Bf6 20. bxc5 e5 21.
cxb6 exf4 22. bxa7 Ra8 23. e5 Rxa7 24. exf6 fxg3 25. hxg3 Ke6 26. Rb8 Kxf6 27.
a4 Kg7 28. Bc6 Bd7 29. Rxh8 Kxh8 30. Bxd7 Rxd7 31. a5 Ra7 32. Ra1 Kg7 33. Kf1
Kf6 34. Ke2 Ke5 35. d4+ Kd5 36. Kd3 Ra6 37. c4+ Kc6 38. Kc3 Ra8 39. Ra2 h5 40.
Kb4 Rb8+ 41. Kc3 Ra8 42. a6 Kb6 43. Rb2+ Kxa6 44. c5 dxc5 45. dxc5 Ka7 46. Rb6
Rc8 47. Kc4 Rc7 48. Kd5 Re7 49. Rb2 Rb7 50. Ra2+ Kb8 51. c6 Rb1 52. Kd6 Rd1+
53. Ke7 f5 54. Rc2 Kc7 55. Kf6 Rd6+ 56. Kg5 Re6 57. Kh6 Rd6 58. f4 {.....} 1-0

[Event "ENCI Limburg-open A"]
[Site "Maastricht"]
[Date "2012.05.28"]
[Round "6"]
[White "Knol, Geon"]
[Black "Smith, Thijmen"]
[Result "0-1"]
[WhiteElo "2130"]
[BlackElo "2172"]
[PlyCount "68"]
[EventDate "2012.05.25"]
[EventType "swiss"]
[EventRounds "7"]
[EventCountry "NED"]
[Source "P.Boonen"]
[SourceDate "2013.01.01"]

1. e4 c5 2. Nc3 Nc6 3. d3 g6 4. g3 Bg7 5. Bg2 d6 6. f4 f5 7. Nf3 Nf6 8. O-O O-O
9. exf5 Bxf5 10. h3 Kh8 11. Be3 Qd7 12. Kh2 Be6 13. Qd2 Bg8 14. d4 cxd4 15.
Nxd4 Rad8 16. Rad1 Qc8 17. g4 Na5 18. Qe1 Nc4 19. Bc1 e5 20. Nf3 exf4 21. Qh4
Ne3 22. Bxe3 fxe3 23. Rfe1 Rfe8 24. Ng5 d5 25. Nxd5 Nxd5 26. Rxd5 Rxd5 27. Bxd5
Qxc2+ 28. Bg2 Qxb2 29. Nf3 Bc3 30. Rd1 e2 31. Rd7 e1=Q 32. Nxe1 Bxe1 33. Qg5
Bc3 34. Rd1 Re2 0-1

[Event "ENCI Limburg-open A"]
[Site "Maastricht"]
[Date "2012.05.28"]
[Round "6"]
[White "Koenig, Christian"]
[Black "Klein, Felix"]
[Result "0-1"]
[WhiteElo "2121"]
[BlackElo "2286"]
[PlyCount "102"]
[EventDate "2012.05.25"]
[EventType "swiss"]
[EventRounds "7"]
[EventCountry "NED"]
[Source "P.Boonen"]
[SourceDate "2013.01.01"]

1. e4 c5 2. Nf3 e6 3. d4 cxd4 4. Nxd4 a6 5. Bd3 Bc5 6. Nb3 Be7 7. O-O d6 8. c4
Nf6 9. Nc3 Nbd7 10. f4 Qc7 11. Qe2 b6 12. Bd2 Bb7 13. Rae1 e5 14. Nd5 Nxd5 15.
cxd5 O-O 16. Rc1 Qb8 17. f5 Rc8 18. Be3 Rxc1 19. Rxc1 Qd8 20. Nd2 Rc8 21. Rxc8
Qxc8 22. Nc4 b5 23. Na5 Bd8 24. Nb3 Bb6 25. Bxb6 Nxb6 26. Qf2 Nd7 27. h3 Qc7
28. Kh2 Bc8 29. Qd2 Nf6 30. Qa5 Qxa5 31. Nxa5 Kf8 32. Kg3 g6 33. fxg6 hxg6 34.
Kf3 Nh5 35. Bc2 f5 36. b3 Nf6 37. g4 fxg4+ 38. hxg4 Bxg4+ 39. Kf2 Bc8 40. a4
bxa4 41. bxa4 Nd7 42. Nc4 Ke7 43. a5 Nc5 44. Nb6 Bd7 45. Nxd7 Kxd7 46. Kf3 Kc7
47. Kg4 Kb8 48. Kg5 Nb7 49. Kxg6 Nxa5 50. Kf6 Nb7 51. Kf5 Kc7 0-1

[Event "ENCI Limburg-open A"]
[Site "Maastricht"]
[Date "2012.05.28"]
[Round "6"]
[White "Lenaerts, Lennert"]
[Black "Ritsema, Ronald"]
[Result "1/2-1/2"]
[WhiteElo "2043"]
[BlackElo "2051"]
[PlyCount "41"]
[EventDate "2012.05.25"]
[EventType "swiss"]
[EventRounds "7"]
[EventCountry "NED"]
[Source "P.Boonen"]
[SourceDate "2013.01.01"]

1. c4 c5 2. g3 g6 3. Bg2 Bg7 4. Nc3 e6 5. e4 Ne7 6. Nge2 Nbc6 7. d3 d6 8. Be3
Nd4 9. Rb1 Nec6 10. a3 a5 11. O-O O-O 12. f4 Rb8 13. Kh1 Bd7 14. a4 Kh8 15. g4
f5 16. exf5 exf5 17. g5 Qe8 18. Bf2 Nxe2 19. Nxe2 Nd4 20. Nc3 Bc6 21. Bd5
1/2-1/2

[Event "ENCI Limburg-open A"]
[Site "Maastricht"]
[Date "2012.05.28"]
[Round "6"]
[White "Lenhardt, Manfred"]
[Black "Jagodzinsky, Andreas"]
[Result "1/2-1/2"]
[WhiteElo "2127"]
[BlackElo "2163"]
[PlyCount "65"]
[EventDate "2012.05.25"]
[EventType "swiss"]
[EventRounds "7"]
[EventCountry "NED"]
[Source "P.Boonen"]
[SourceDate "2013.01.01"]

1. d4 e6 2. Nf3 f5 3. g3 Nf6 4. Bg2 d5 5. O-O Bd6 6. b3 Qe7 7. Bb2 O-O 8. c4 c6
9. Nbd2 Ne4 10. Ne5 b6 11. Ndf3 Bb7 12. a4 a5 13. cxd5 exd5 14. Rc1 c5 15. Nd3
Na6 16. Nfe5 Rac8 17. f3 Nf6 18. e3 Rc7 19. Rf2 Rfc8 20. Rfc2 Nb4 21. Nxb4 axb4
22. Bf1 Nd7 23. f4 Nf6 24. Bb5 Ra8 25. Qd3 Ne4 26. Rg2 Rac8 27. Rgc2 Qe6 28.
Qe2 Ra8 29. Qh5 Nf6 30. Qe2 Ne4 31. Qh5 Nf6 32. Qe2 Ne4 33. Qh5 1/2-1/2

[Event "ENCI Limburg-open A"]
[Site "Maastricht"]
[Date "2012.05.28"]
[Round "6"]
[White "Meurs, Tom"]
[Black "Mengerink, Ynze"]
[Result "0-1"]
[WhiteElo "2246"]
[BlackElo "2137"]
[PlyCount "114"]
[EventDate "2012.05.25"]
[EventType "swiss"]
[EventRounds "7"]
[EventCountry "NED"]
[Source "P.Boonen"]
[SourceDate "2013.01.01"]

1. e4 c6 2. d4 d5 3. Nd2 dxe4 4. Nxe4 Bf5 5. Ng3 Bg6 6. h4 h6 7. Nf3 Nd7 8. h5
Bh7 9. Bd3 Bxd3 10. Qxd3 e6 11. Bf4 Qa5+ 12. Bd2 Bb4 13. c3 Be7 14. c4 Qc7 15.
O-O-O Ngf6 16. Rhe1 a5 17. Kb1 O-O 18. Ne5 Rad8 19. Qe2 Bb4 20. f4 Rfe8 21. Nf1
c5 22. dxc5 Bxd2 23. Nxd2 Nxc5 24. g4 Nfd7 25. Ndf3 Nxe5 26. Nxe5 Rxd1+ 27.
Rxd1 Rd8 28. Rg1 Rd4 29. g5 hxg5 30. h6 Rxf4 31. Rxg5 g6 32. h7+ Kh8 33. Rxg6
fxg6 34. Nxg6+ Kxh7 35. Qh5+ Kg7 36. Nxf4 Qxf4 37. Qxc5 Qf5+ 38. Qxf5 exf5 39.
Kc2 Kf6 40. Kd2 Ke5 41. Ke3 a4 42. c5 Kd5 43. Kf4 Kxc5 44. Kxf5 Kd4 45. Ke6 Kd3
46. Kd6 Kc2 47. b4 Kb2 48. b5 Kxa2 49. b6 Kb3 50. Kc7 a3 51. Kxb7 a2 52. Kc8
a1=Q 53. b7 Qc3+ 54. Kd7 Qd4+ 55. Kc7 Qc5+ 56. Kd7 Qb6 57. Kc8 Qc6+ 0-1

[Event "ENCI Limburg-open A"]
[Site "Maastricht"]
[Date "2012.05.28"]
[Round "6"]
[White "Meyers, Mark"]
[Black "Heinis, Vincent"]
[Result "0-1"]
[WhiteElo "1918"]
[BlackElo "2141"]
[PlyCount "82"]
[EventDate "2012.05.25"]
[EventType "swiss"]
[EventRounds "7"]
[EventCountry "NED"]
[Source "P.Boonen"]
[SourceDate "2013.01.01"]

1. Nf3 Nf6 2. c4 g6 3. g3 Bg7 4. Bg2 d6 5. Nc3 e5 6. O-O Nc6 7. d4 exd4 8. Nxd4
Nxd4 9. Qxd4 O-O 10. e4 Re8 11. Qd3 Nd7 12. f4 Nc5 13. Qc2 a5 14. Be3 c6 15.
Rad1 Qc7 16. e5 Bf8 17. Bxc5 dxc5 18. Ne4 Be7 19. Rd3 Bf5 20. Rfd1 Red8 21. h3
Rd4 22. g4 Rxe4 23. gxf5 Rxf4 24. e6 Rd4 25. exf7+ Kxf7 26. fxg6+ hxg6 27. Qf2+
Qf4 28. Rf3 Rxd1+ 29. Bf1 Qf6 30. Rxf6+ Bxf6 31. Qf4 Re8 32. Kf2 Re5 33. Be2
Rd4 34. Qh6 Rf5+ 35. Kg2 Rh4 36. Qd2 Bd4 37. Bf3 Rhf4 38. Qxa5 Rxf3 39. Qc7+
Kg8 40. Qc8+ Rf8 41. Qxb7 Rd3 0-1

[Event "ENCI Limburg-open A"]
[Site "Maastricht"]
[Date "2012.05.28"]
[Round "6"]
[White "Mueer, Sebastian"]
[Black "Nabuurs, Joep"]
[Result "1/2-1/2"]
[WhiteElo "2237"]
[BlackElo "2216"]
[PlyCount "79"]
[EventDate "2012.05.25"]
[EventType "swiss"]
[EventRounds "7"]
[EventCountry "NED"]
[Source "P.Boonen"]
[SourceDate "2013.01.01"]

1. c4 e5 2. g3 Nc6 3. Nc3 f5 4. Nf3 Nf6 5. d4 e4 6. Nh4 d6 7. Bg5 Be7 8. e3 Ng4
9. Bxe7 Nxe7 10. Be2 Nf6 11. Ng2 O-O 12. h4 c5 13. O-O Be6 14. Nf4 Bf7 15. Qd2
Ng6 16. Nxg6 Bxg6 17. Rfd1 Qe7 18. dxc5 dxc5 19. Nd5 Qe5 20. Nxf6+ Rxf6 21.
Qd5+ Qxd5 22. Rxd5 b6 23. Rad1 Be8 24. Rd8 Rxd8 25. Rxd8 Kf8 26. Ra8 Rd6 27. g4
fxg4 28. h5 g3 29. fxg3 a5 30. Rb8 Ke7 31. Bg4 Bf7 32. b3 Kf6 33. Rb7 h6 34.
Kg2 g6 35. hxg6 Bxg6 36. Kh3 Kg5 37. Bc8 Rc6 38. Bd7 Rd6 39. Bc8 Rc6 40. Bd7
1/2-1/2

[Event "ENCI Limburg-open A"]
[Site "Maastricht"]
[Date "2012.05.28"]
[Round "6"]
[White "Nachbar, Benjamin"]
[Black "Beukema, Stefan"]
[Result "1/2-1/2"]
[WhiteElo "2153"]
[BlackElo "2292"]
[PlyCount "26"]
[EventDate "2012.05.25"]
[EventType "swiss"]
[EventRounds "7"]
[EventCountry "NED"]
[Source "P.Boonen"]
[SourceDate "2013.01.01"]

1. c4 e5 2. Nc3 Nf6 3. f4 exf4 4. d4 d5 5. Bxf4 Be6 6. Qb3 b6 7. e3 c6 8. Nf3
Be7 9. cxd5 Nxd5 10. Nxd5 Qxd5 11. Qxd5 Bxd5 12. Bd3 Bb4+ 13. Kf2 f6 1/2-1/2

[Event "ENCI Limburg-open A"]
[Site "Maastricht"]
[Date "2012.05.28"]
[Round "6"]
[White "Offringa, Joost"]
[Black "Ducarmon, Renzo"]
[Result "1-0"]
[WhiteElo "2107"]
[BlackElo "2047"]
[PlyCount "87"]
[EventDate "2012.05.25"]
[EventType "swiss"]
[EventRounds "7"]
[EventCountry "NED"]
[Source "P.Boonen"]
[SourceDate "2013.01.01"]

1. e4 c5 2. Nc3 Nc6 3. f4 g6 4. Nf3 Bg7 5. Bb5 Nd4 6. O-O Nxb5 7. Nxb5 d5 8.
exd5 a6 9. Na3 Qxd5 10. d3 Nf6 11. Nc4 Qd8 12. a4 Be6 13. Ne3 Nd5 14. Ng5 Bd4
15. Qe2 Bf5 16. Nf3 Bg4 17. h3 Nxe3 18. Bxe3 Bxe3+ 19. Qxe3 Bxf3 20. Rxf3 Qd4
21. Re1 Rd8 22. Kf1 Qxe3 23. Rfxe3 e6 24. Re5 Kd7 25. Rxc5 Rc8 26. Rxc8 Rxc8
27. c3 Kd6 28. Re4 b5 29. Ke2 Rb8 30. Rb4 Kc5 31. Ke3 Rd8 32. axb5 axb5 33. Re4
Ra8 34. Re5+ Kc6 35. Kd4 Ra2 36. Re2 Kd6 37. c4 bxc4 38. dxc4 f6 39. c5+ Kd7
40. Kc4 Ra4+ 41. b4 Ra8 42. Rd2+ Kc7 43. Rd6 Re8 44. b5 1-0

[Event "ENCI Limburg-open A"]
[Site "Maastricht"]
[Date "2012.05.28"]
[Round "6"]
[White "Reymann, Cedric"]
[Black "Bok, Benjamin"]
[Result "0-1"]
[WhiteElo "2138"]
[BlackElo "2502"]
[PlyCount "48"]
[EventDate "2012.05.25"]
[EventType "swiss"]
[EventRounds "7"]
[EventCountry "NED"]
[Source "P.Boonen"]
[SourceDate "2013.01.01"]

1. e4 e5 2. Nf3 Nc6 3. d4 exd4 4. Nxd4 g6 5. Nc3 Bg7 6. Be3 Nf6 7. Nxc6 bxc6 8.
g3 O-O 9. Bg2 Ba6 10. f4 Qe7 11. Kf2 d5 12. e5 Nd7 13. Re1 Nb6 14. b3 f6 15.
exf6 Qxf6 16. Bd2 Qd4+ 17. Kf3 Rae8 18. a4 Nc8 19. a5 Nd6 20. Ra4 Qf6 21. Kf2
Rxe1 22. Bxe1 Re8 23. Bf3 Qe7 24. Bd2 Bxc3 0-1

[Event "ENCI Limburg-open A"]
[Site "Maastricht"]
[Date "2012.05.28"]
[Round "6"]
[White "Rietman, Frits"]
[Black "Voicu Jagodzinsky, Carmen"]
[Result "0-1"]
[WhiteElo "2262"]
[BlackElo "2278"]
[PlyCount "74"]
[EventDate "2012.05.25"]
[EventType "swiss"]
[EventRounds "7"]
[EventCountry "NED"]
[Source "P.Boonen"]
[SourceDate "2013.01.01"]

1. e4 c5 2. Nf3 e6 3. d4 cxd4 4. Nxd4 a6 5. Nc3 Qc7 6. Bd3 Nf6 7. O-O d6 8. a4
b6 9. Kh1 Bb7 10. Qe2 g6 11. f4 Bg7 12. a5 bxa5 13. Nb3 Nc6 14. Bd2 O-O 15. Nd1
e5 16. fxe5 Nxe5 17. Nxa5 Bc8 18. Nc3 Bg4 19. Qe1 Be6 20. Qh4 Nfd7 21. Be2 Rfb8
22. Nb3 Nc4 23. Bxc4 Bxc4 24. Rf2 Ne5 25. Bg5 a5 26. Nd5 Bxd5 27. exd5 Qc4 28.
Qxc4 Nxc4 29. Bf6 a4 30. Nd4 Bxf6 31. Rxf6 Rxb2 32. h4 a3 33. h5 a2 34. Rff1
Nd2 35. Rfd1 Rb1 36. Nb3 Rxd1+ 37. Rxd1 Nxb3 0-1

[Event "ENCI Limburg-open A"]
[Site "Maastricht"]
[Date "2012.05.28"]
[Round "6"]
[White "Rietveld, Leo"]
[Black "Perrenet, Jacob"]
[Result "0-1"]
[WhiteElo "2041"]
[BlackElo "2078"]
[PlyCount "52"]
[EventDate "2012.05.25"]
[EventType "swiss"]
[EventRounds "7"]
[EventCountry "NED"]
[Source "P.Boonen"]
[SourceDate "2013.01.01"]

1. d4 Nc6 2. Nc3 e5 3. Nf3 exd4 4. Nxd4 d5 5. Nxc6 bxc6 6. e3 Bd6 7. Be2 Nf6 8.
O-O Rb8 9. Bf3 h5 10. g3 h4 11. e4 hxg3 12. hxg3 Kf8 13. Bg5 Qd7 14. Bxf6 Qh3
15. Bxg7+ Kxg7 16. Re1 Ba6 17. Ne2 Rb4 18. Qd2 f6 19. e5 fxe5 20. Qg5+ Kf7 21.
Bg2 Qh2+ 22. Kf1 Rh5 23. Qe3 Rf5 24. b3 Re4 25. Bxe4 dxe4 26. c4 Rf3 0-1

[Event "ENCI Limburg-open A"]
[Site "Maastricht"]
[Date "2012.05.28"]
[Round "6"]
[White "Roufs, Gerard"]
[Black "Bus, Tom"]
[Result "1/2-1/2"]
[WhiteElo "2002"]
[BlackElo "2138"]
[PlyCount "66"]
[EventDate "2012.05.25"]
[EventType "swiss"]
[EventRounds "7"]
[EventCountry "NED"]
[Source "P.Boonen"]
[SourceDate "2013.01.01"]

1. d4 Nf6 2. c4 c5 3. d5 b5 4. cxb5 a6 5. bxa6 g6 6. Nc3 Bxa6 7. Nf3 Bg7 8. g3
d6 9. Bg2 O-O 10. O-O Nbd7 11. Rb1 Nb6 12. b3 Ne8 13. Bb2 Nc7 14. Nh4 Bf6 15.
Re1 Qd7 16. e4 Ra7 17. f4 Bd4+ 18. Kh1 Bb7 19. Qd2 f5 20. exf5 gxf5 21. Qe2 Rf7
22. Qh5 Ncxd5 23. Nxd5 Nxd5 24. Bxd4 cxd4 25. Rb2 Ne3 26. Bxb7 Qxb7+ 27. Qf3
Qc7 28. Ng2 Qc3 29. Reb1 e5 30. Nxe3 dxe3 31. fxe5 dxe5 32. Re2 Qd3 33. Rbe1 f4
1/2-1/2

[Event "ENCI Limburg-open A"]
[Site "Maastricht"]
[Date "2012.05.28"]
[Round "6"]
[White "Schilperoort, Jeroen"]
[Black "Van Liempt, Michael"]
[Result "1/2-1/2"]
[WhiteElo "1951"]
[BlackElo "1956"]
[PlyCount "86"]
[EventDate "2012.05.25"]
[EventType "swiss"]
[EventRounds "7"]
[EventCountry "NED"]
[Source "P.Boonen"]
[SourceDate "2013.01.01"]

1. d4 Nf6 2. Bf4 e6 3. e3 b6 4. Nd2 Bb7 5. Ngf3 c5 6. c3 Nc6 7. h3 Be7 8. Bd3
d5 9. O-O O-O 10. Bh2 Ne8 11. Ne5 Nxe5 12. Bxe5 f6 13. Bh2 Bd6 14. f4 f5 15. g4
Qh4 16. Kg2 fxg4 17. Qxg4 Qxg4+ 18. hxg4 Nf6 19. Be2 cxd4 20. exd4 a5 21. g5
Ne4 22. Nxe4 dxe4 23. Bc4 Bd5 24. Bb5 Rac8 25. Rae1 Rf5 26. c4 Bxc4 27. Bxc4
Rxc4 28. Rxe4 Rc2+ 29. Rf2 Rxf2+ 30. Kxf2 Kf7 31. b3 Rb5 32. Re2 Rb4 33. Ke3 a4
34. bxa4 Rxa4 35. Rb2 Bb4 36. Kd3 Ba5 37. Bg1 Ke7 38. Be3 Kd6 39. Ke4 h5 40.
gxh6 gxh6 41. Rh2 Ke7 42. Rxh6 Rxa2 43. Rh7+ Kf6 1/2-1/2

[Event "ENCI Limburg-open A"]
[Site "Maastricht"]
[Date "2012.05.28"]
[Round "6"]
[White "Schleipfenbauer, Frank"]
[Black "Brustkern, Juergen"]
[Result "0-1"]
[WhiteElo "2073"]
[BlackElo "2244"]
[PlyCount "102"]
[EventDate "2012.05.25"]
[EventType "swiss"]
[EventRounds "7"]
[EventCountry "NED"]
[Source "P.Boonen"]
[SourceDate "2013.01.01"]

1. e4 g6 2. d4 Bg7 3. c3 d6 4. Bd3 Nf6 5. Ne2 O-O 6. O-O c5 7. h3 Nc6 8. d5 Ne5
9. Bc2 e6 10. a4 exd5 11. exd5 Re8 12. Ng3 b6 13. Na3 Bb7 14. f4 Ned7 15. c4 a6
16. Rb1 Rf8 17. f5 Ne8 18. Ne4 f6 19. Bf4 Qe7 20. Qd2 g5 21. Bg3 Ne5 22. Rbe1
Rf7 23. Bxe5 dxe5 24. d6 Qd7 25. a5 Bf8 26. axb6 Bxd6 27. Qa5 Bf8 28. Rd1 Qc8
29. Rf2 Rb8 30. Nb1 Bc6 31. Nbc3 Rfb7 32. Nxc5 Rxb6 33. Nd5 Bxd5 34. Rxd5 Nc7
35. Nd7 Nxd5 36. Qxd5+ Kh8 37. Nxb8 Rxb8 38. Rd2 Qc5+ 39. Kh2 Qxd5 40. cxd5
Rxb2 41. d6 Kg7 42. d7 Be7 43. d8=Q Bxd8 44. Rd7+ Kh6 45. Bd3 Bb6 46. Bxa6 g4
47. h4 Bf2 48. h5 Kxh5 49. Rxh7+ Kg5 50. Rg7+ Kf4 51. Bb7 Bg3+ 0-1

[Event "ENCI Limburg-open A"]
[Site "Maastricht"]
[Date "2012.05.28"]
[Round "6"]
[White "Schoorl, Rob"]
[Black "Henrichs, Thomas"]
[Result "0-1"]
[WhiteElo "2317"]
[BlackElo "2483"]
[PlyCount "94"]
[EventDate "2012.05.25"]
[EventType "swiss"]
[EventRounds "7"]
[EventCountry "NED"]
[Source "P.Boonen"]
[SourceDate "2013.01.01"]

1. e4 e5 2. Nf3 Nc6 3. Bb5 a6 4. Ba4 Nf6 5. O-O Be7 6. Re1 b5 7. Bb3 d6 8. c3
O-O 9. a3 h6 10. d4 Re8 11. Nbd2 Bf8 12. Bc2 Nb8 13. b3 Bb7 14. Bb2 Nbd7 15. c4
g6 16. d5 c6 17. b4 Rc8 18. dxc6 Bxc6 19. Rc1 Nb6 20. Bd3 bxc4 21. Nxc4 Bb5 22.
Nxb6 Qxb6 23. Qe2 h5 24. Rxc8 Rxc8 25. Rc1 Rxc1+ 26. Bxc1 Bxd3 27. Qxd3 Qc6 28.
Be3 Nxe4 29. h3 Bg7 30. a4 Nc3 31. Qc2 Qc4 32. Kh2 Qxb4 33. Bd2 e4 34. Ng5 d5
35. f3 exf3 36. Nxf3 Qxa4 37. Qc1 d4 38. Bh6 Qd7 39. Bxg7 Kxg7 40. Qf4 Qd5 41.
Nxd4 Qe4 42. Qd2 Qe5+ 43. Kh1 Ne4 44. Qb4 a5 45. Qa4 Ng3+ 46. Kg1 Qe1+ 47. Kh2
h4 0-1

[Event "ENCI Limburg-open A"]
[Site "Maastricht"]
[Date "2012.05.28"]
[Round "6"]
[White "Schroer, Marcel"]
[Black "Schmitz, Andreas Arnold"]
[Result "1-0"]
[WhiteElo "2091"]
[BlackElo "2074"]
[PlyCount "137"]
[EventDate "2012.05.25"]
[EventType "swiss"]
[EventRounds "7"]
[EventCountry "NED"]
[Source "P.Boonen"]
[SourceDate "2013.01.01"]

1. Nf3 Nf6 2. c4 c5 3. Nc3 b6 4. g3 Bb7 5. Bg2 g6 6. O-O Bg7 7. Rb1 Nc6 8. e4
e5 9. a3 O-O 10. d3 Qe7 11. Bg5 Nd4 12. b4 Ne6 13. Bd2 d6 14. Ne1 Nd7 15. Nc2
Nd4 16. Ne3 Rfc8 17. Ned5 Bxd5 18. Nxd5 Qe6 19. f4 f6 20. f5 gxf5 21. exf5 Qe8
22. b5 a5 23. Nc3 Ra7 24. Bd5+ Kh8 25. Ne4 Qe7 26. Kf2 Nxf5 27. Qh5 Nd4 28. g4
f5 29. gxf5 Nf6 30. Nxf6 Bxf6 31. Bh6 Bg7 32. Bxg7+ Qxg7 33. Rg1 Qf6 34. Rg6
Qxf5+ 35. Qxf5 Nxf5 36. Rf6 Nd4 37. Rg1 Rd7 38. Ke3 Rcd8 39. Ke4 Ne2 40. Rg4
Rg7 41. Rxg7 Kxg7 42. Rf7+ Kg6 43. Rb7 Nc3+ 44. Ke3 Nxd5+ 45. cxd5 h5 46. Rxb6
Kf5 47. a4 h4 48. Rb7 Kg4 49. Rg7+ Kh3 50. b6 Kxh2 51. b7 h3 52. Kd2 Kh1 53.
Kc3 h2 54. Kc4 Rb8 55. Kb5 Rxb7+ 56. Rxb7 Kg2 57. Rg7+ Kf2 58. Rh7 Kg1 59. Kxa5
c4 60. Kb4 cxd3 61. Kc3 e4 62. a5 h1=Q 63. Rxh1+ Kxh1 64. a6 Kg2 65. a7 d2 66.
Kxd2 Kf2 67. a8=Q e3+ 68. Kd3 e2 69. Qa2 1-0

[Event "ENCI Limburg-open A"]
[Site "Maastricht"]
[Date "2012.05.28"]
[Round "6"]
[White "Stiefel, Roland"]
[Black "Coenen, Michael"]
[Result "0-1"]
[WhiteElo "2059"]
[BlackElo "2306"]
[PlyCount "90"]
[EventDate "2012.05.25"]
[EventType "swiss"]
[EventRounds "7"]
[EventCountry "NED"]
[Source "P.Boonen"]
[SourceDate "2013.01.01"]

1. d4 Nf6 2. Bf4 b6 3. e3 e6 4. Be2 Bb7 5. Nf3 c5 6. c3 d6 7. O-O Be7 8. h3 O-O
9. Nbd2 Re8 10. Qc2 cxd4 11. exd4 Nbd7 12. Rad1 Rc8 13. Qb1 a6 14. Rfe1 Nf8 15.
Bd3 b5 16. Bh2 Qb6 17. a3 a5 18. Ng5 b4 19. axb4 axb4 20. Nge4 Nxe4 21. Bxe4
Bxe4 22. Rxe4 d5 23. Re3 Bg5 24. f4 Bh6 25. Qd3 Ng6 26. Rf3 bxc3 27. bxc3 Qc6
28. g4 Nh4 29. Rf2 g5 30. fxg5 Bg7 31. Nb1 Qb6 32. Rdf1 Re7 33. Bg3 Ng6 34. h4
e5 35. Qf5 Rd8 36. h5 exd4 37. hxg6 hxg6 38. Qc2 dxc3 39. Kg2 d4 40. Rf6 Qb7+
41. Kh3 Bxf6 42. gxf6 Re3 43. Qf2 Qe4 44. Kh4 g5+ 45. Kh3 Re2 0-1

[Event "ENCI Limburg-open A"]
[Site "Maastricht"]
[Date "2012.05.28"]
[Round "6"]
[White "Swijsen, Lars"]
[Black "Van Kerkhof, David"]
[Result "0-1"]
[WhiteElo "2068"]
[BlackElo "2288"]
[PlyCount "64"]
[EventDate "2012.05.25"]
[EventType "swiss"]
[EventRounds "7"]
[EventCountry "NED"]
[Source "P.Boonen"]
[SourceDate "2013.01.01"]

1. e4 c5 2. c3 g6 3. Nf3 Bg7 4. d4 cxd4 5. cxd4 d5 6. e5 Bg4 7. Bb5+ Nc6 8.
Nbd2 Nh6 9. Bxc6+ bxc6 10. Nb3 O-O 11. h3 Bxf3 12. Qxf3 Rb8 13. Qc3 f6 14. Bxh6
Bxh6 15. e6 Bf4 16. O-O Qb6 17. g3 Bd6 18. Rac1 Qa6 19. Ra1 Rfc8 20. Qe3 Kg7
21. h4 h5 22. Kh1 c5 23. Nxc5 Bxc5 24. dxc5 Rxb2 25. a4 Re2 26. Qc3 Qxe6 27.
Rae1 d4 28. Qb4 Rb8 29. Qxb8 Rxe1 30. Rxe1 Qxe1+ 31. Kg2 d3 32. c6 d2 0-1

[Event "ENCI Limburg-open A"]
[Site "Maastricht"]
[Date "2012.05.28"]
[Round "6"]
[White "Thinius, Marco"]
[Black "Tate, Emory"]
[Result "1-0"]
[WhiteElo "2376"]
[BlackElo "2307"]
[PlyCount "82"]
[EventDate "2012.05.25"]
[EventType "swiss"]
[EventRounds "7"]
[EventCountry "NED"]
[Source "P.Boonen"]
[SourceDate "2013.01.01"]

1. c4 c5 2. g3 Nf6 3. Bg2 d5 4. cxd5 Nxd5 5. Nc3 Nc7 6. Nf3 Nc6 7. O-O g6 8.
Na4 e5 9. d3 Ne6 10. Be3 Bd6 11. Rc1 Ncd4 12. Nd2 f5 13. Nc4 Bc7 14. Bd2 Rb8
15. e3 Nb5 16. Qb3 a6 17. Nc3 Bd7 18. Nd5 Bc6 19. Nxc7+ Qxc7 20. a4 Bxg2 21.
Kxg2 Na7 22. Nxe5 Ke7 23. d4 Nc6 24. Rxc5 Nxc5 25. Qf7+ Kd8 26. Qf6+ Qe7 27.
Nxc6+ bxc6 28. Qxh8+ Kc7 29. Ba5+ Kb7 30. Qe5 Qxe5 31. dxe5 Nxa4 32. Rd1 c5 33.
b3 Nb6 34. Rd6 Nc8 35. Rd7+ Kc6 36. Rxh7 Kd5 37. Rh8 Rb5 38. Rd8+ Ke6 39. Bc7
Ne7 40. Rd6+ Kf7 41. Rxa6 Rxb3 1-0